000 00489nam a2200181 i 4500
001 75619
003 ES-MaACL
005 20230906172526.0
007 t|
008 040927s1967 xxk ||||1| eng d
100 1 _aGrove, A. S.
_960213
245 1 0 _aPhysics and tecnology of semiconductor devices /
_cA.S. Grove.
260 _aNew York, etc. :
_bJohn Wiley,
_c[1967]
300 _aXIX, 366 p. ;
_c24 cm.
500 _aIndice.
504 _aBibliografía.
852 4 _aES-MaACL
_jL-9398
999 _c75619
_d75619